Province dell'Impero Romano su mappa - Statistics

Statistiche generali
  • Questo quiz è stato fatto 1.103 volte
  • Il punteggio medio è 24 su 47
Risposte nella Mappa
Le risposte nella mappa del quiz sottostante sono codificate secondo una scala di colori dal rosso al verde in base alla % di persone che hanno risposto correttamente.
 
Statistiche sulle risposte
Capital Province % Corretto
Roma Italia
98%
Syracusae (Siracusa) Sicilia
89%
Carales (Cagliari) Sardegna e Corsica
88%
Alexandria Egitto
81%
Londinium (Londra) Britannia
75%
Ulpia Traiana (Sarmizegetusa) Dacia
72%
Paphos Cipro
71%
Gortina Creta e Cirenaica
69%
Thessalonica (Salonicco) Macedonia
67%
Heraclea Perinthus (Marmara Ereğlisi) Tracia
67%
Colonia Germania Inferiore
65%
Mogontiacum (Mainz) Germania Superiore
65%
Antiochia (Antakya) Siria
64%
Narbo (Narbonne) Gallia Narbonense
63%
Carthago (Cartagine) Africa
62%
Babilonia (?) Mesopotamia
59%
Nicomedia (Izmit) Bitinia e Ponto
58%
Salona Dalmazia
57%
Petra Arabia Petrea
55%
Artashat (Artaxata) Armenia
55%
Buthrotum (Butrint) Epiro
55%
Caesarea Marítima (Cesarea) Giudea
55%
Ephesus (Efeso) Asia
53%
Durocortorum (Reims) Gallia Belgica
52%
Aquincum (Budapest) Pannonia Inferiore
52%
Carnuntum (Petronell-Carnuntum) Pannonia Superiore
52%
Emerita Augusta (Mérida) Lusitania
50%
Burdigala (Bordeaux) Gallia Aquitania
47%
Caesarea (Kayseri) Cappadocia
45%
Corinto Acaia
42%
Caesarea (Cherchell) Mauretania Cesariense
40%
Ctesifonte (?) Assiria
38%
Tingis (Tangeri) Mauretania Tingitana
38%
Augusta Vindelicorum (Augusta) Rezia
38%
Claudius Virunum (Viruno) Norico
37%
Cemenelum (Cimiez) Alpi Marittime
36%
Tarso (Tarsus) Cilicia
34%
Tomis (Constanța) Mesia Inferiore
33%
Naissus (Niš) Mesia Superiore
33%
Panticapaeum (Kerch) Regno del Bosforo Cimmerio
33%
Segusio (Susa) Alpi Cozie
32%
Corduba (Córdoba) Betica
32%
Lugdunum (Lione) Gallia Lugdunense
32%
Attalia (Antalya) Licia e Panfilia
31%
Octodurum (Martigny) Alpi Pennine
28%
Tarraco (Tarragona) Tarraconense
28%
Ancyra (Ankara) Galazia
24%
Nessun quiz corrispondente trovato
Distribuzione punteggi
Percentuale di utenti per punteggio
Percentile per numero di risposta
I tuoi punteggi nel tempo
Non hai fatto questo quiz